| 000 | 00998nam a22002417a 4500 | ||
|---|---|---|---|
| 999 |
_c22633 _d22633 |
||
| 003 | AR-CdUCM | ||
| 008 | 190427b ||||| |||| 00| 0 spa d | ||
| 040 |
_aMUNICIPALIDAD PROVINCIAL DEL CUSCO _cBIBLIOTECA MUNICIPAL DEL CUSCO |
||
| 082 |
_a333.715985/P26 _bP26 |
||
| 100 |
_aParedes Pando, Oscar _914521 |
||
| 245 |
_aLos Bora Bóóraá : _bpueblos del bosque tropical / _cOscar Paredes Pando |
||
| 260 |
_aCusco : _bPozo, _c2001. |
||
| 300 |
_a187 páginas: _c20 cm. |
||
| 505 | _aContenido: Pueblos indígenas minorías étnicas o comunidades nativas. -- Apuntes etnohistóricos e intereses territoriales1725-1978. -- Etnografía básica. -- El modelo nativo de producción. ... | ||
| 650 |
_aPueblos indígenas _96988 |
||
| 650 |
_aAmazonía _93433 |
||
| 650 |
_aBosque tropical _948705 |
||
| 650 |
_aBoras _948706 |
||
| 710 |
_aAsociación Cultura y Naturaleza Parway _948707 |
||
| 710 |
_aUniversidad Nacional Amazónica de Madre de Dios _948712 |
||
| 942 |
_2ddc _cLIBROS |
||
| 945 | _arac | ||